00374 a2200097 4500001001000000005001700010008004100027245010400068100002300172773008100195ART_2141520260410161916.0260409a 10aRégimen para erradicar la violencia laboral en el ámbito público de la ciudad de Buenos Aires1 aRamos, Santiago J.0 tRevista de Derecho laboral y seguridad socialg- Nº 9 (mayo 2013)wREV13556